[Event "AUTO-ADV-505"]
[Site "http://www.queenalice.com/game.php?id=216995"]
[Date "2007.5.27"]
[Round "1"]
[White "Xavier"]
[Black "Lundos"]
[Result "0-1"]
[WhiteElo "1553"]
[BlackElo "1958"]

1. c4 Nf6 2. Nf3 d5 3. Qb3 c6 4. d4 Nbd7 5. c5 Qc7 6. e3 e5 7. dxe5 Nxe5 8. Nxe5
Qxe5 9. Be2 Bxc5 10. Nd2 Bb6 11. Nf3 Qd6 12. O-O Be6 13. Rd1 O-O 14. Ng5 Bf5 15.
g3 Bg4 16. Bxg4 Nxg4 17. Qd3 Qh6 18. h4 Rfe8 19. Qf5 Qh5 20. f3 Bxe3+ 21. Bxe3
Nxe3 22. Qxh7+ Qxh7 23. Nxh7 Nxd1 24. Rxd1 Kxh7 25. Kf2 Re6 26. f4 Rae8 27. Rd2
f5 28. Kg2 Re2+ 29. Rxe2 Rxe2+ 30. Kf3 Rxb2 0-1

[Event "AUTO-ADV-505"]
[Site "http://www.queenalice.com/game.php?id=216996"]
[Date "2007.5.27"]
[Round "1"]
[White "Lundos"]
[Black "erig1969"]
[Result "1-0"]
[WhiteElo "1950"]
[BlackElo "1860"]

1. e4 c6 2. Bc4 d5 3. exd5 cxd5 4. Bb3 Nf6 5. Nf3 Bg4 6. d3 Nc6 7. Bg5 e6 8. a3
Nd4 9. Nbd2 Bxf3 10. Nxf3 Nxb3 11. cxb3 h6 12. Be3 Ng4 13. Bd4 Nf6 14. O-O b6
15. b4 b5 16. Qd2 Bd6 17. Bc3 O-O 18. Rfe1 Qc7 19. Bxf6 gxf6 20. Qxh6 Qe7 21.
Nd4 Be5 22. Re3 1-0

[Event "AUTO-ADV-505"]
[Site "http://www.queenalice.com/game.php?id=216997"]
[Date "2007.5.27"]
[Round "1"]
[White "erig1969"]
[Black "Lundos"]
[Result "1-0"]
[WhiteElo "1848"]
[BlackElo "1962"]

1. d4 d5 2. c4 e6 3. cxd5 exd5 4. e3 Bd6 5. Nc3 c6 6. Bd3 Nf6 7. Nf3 Bg4 8. O-O
Qc7 9. h3 Bxf3 10. Qxf3 Nbd7 11. e4 dxe4 12. Nxe4 O-O-O 13. Nxd6+ Qxd6 14. Be3
Nb6 15. Bf5+ Nbd7 16. Rac1 Nd5 17. Bg5 f6 18. Bh4 Rde8 19. Bg3 1-0

[Event "AUTO-INT-373"]
[Site "http://www.queenalice.com/game.php?id=223291"]
[Date "2007.6.10"]
[Round "2"]
[White "Dangermouse"]
[Black "Lundos"]
[Result "0-1"]
[WhiteElo "1639"]
[BlackElo "1971"]

1. d4 Nf6 2. c4 g6 3. Nc3 Bg7 4. e3 O-O 5. Nf3 d5 6. b3 dxc4 7. Bxc4 c5 8. dxc5
Qa5 9. Bd2 Qxc5 10. O-O a6 11. Re1 Nc6 12. Rc1 Bg4 13. h3 Bf5 14. Bf1 Rfd8 15.
Ne2 Qd6 16. Bc3 Qa3 17. Qc2 Bxc2 0-1

[Event "AUTO-INT-373"]
[Site "http://www.queenalice.com/game.php?id=223292"]
[Date "2007.6.10"]
[Round "2"]
[White "Lundos"]
[Black "Dangermouse"]
[Result "1-0"]
[WhiteElo "1968"]
[BlackElo "1642"]

1. e4 e6 2. Qe2 d5 3. exd5 Qxd5 4. Nc3 Qd6 5. Nf3 Nf6 6. g3 Be7 7. Bg2 Nc6 8.
O-O O-O 9. d3 Nb4 10. Bf4 Qb6 11. Bg5 h6 12. Be3 Qd6 13. a3 Nbd5 14. Nb5 b6 15.
Nxd6 Bxd6 16. Bd4 Nd7 17. Ne5 Bxe5 18. Bxe5 1-0

[Event "AUTO-INT-373"]
[Site "http://www.queenalice.com/game.php?id=223295"]
[Date "2007.6.10"]
[Round "2"]
[White "maxpeigne"]
[Black "Lundos"]
[Result "1-0"]
[WhiteElo "1692"]
[BlackElo "1955"]

1. e4 e6 2. d4 d5 3. exd5 exd5 4. Nf3 Bd6 5. Be2 Nf6 6. Bg5 c6 7. O-O Be6 8. Ne5
h6 9. Bxf6 Qxf6 10. Ng4 Qg5 11. Nc3 Qh5 12. Nf6+ gxf6 13. Bxh5 Rg8 14. Re1 Nd7
15. Bg4 O-O-O 16. Bxe6 fxe6 17. Rxe6 Bc7 18. Qh5 Bf4 19. Rae1 Bg5 20. Re8 1-0

[Event "AUTO-INT-373"]
[Site "http://www.queenalice.com/game.php?id=223296"]
[Date "2007.6.10"]
[Round "2"]
[White "Lundos"]
[Black "maxpeigne"]
[Result "1-0"]
[WhiteElo "1994"]
[BlackElo "1642"]

1. e4 e5 2. Nf3 Nc6 3. Bc4 Bc5 4. b4 Bxb4 5. c3 Ba5 6. d4 exd4 7. O-O d6 8. cxd4
Bg4 9. Bxf7+ Kf8 10. Qb3 b6 11. Ng5 Nxd4 12. Qc4 Be2 13. Qxd4 Bxf1 14. Ne6+ 1-0

[Event "AUTO-INT-373"]
[Site "http://www.queenalice.com/game.php?id=223300"]
[Date "2007.6.10"]
[Round "2"]
[White "DGFerguson"]
[Black "Lundos"]
[Result "0-1"]
[WhiteElo "1562"]
[BlackElo "1950"]

1. c4 Nf6 2. e3 g6 3. Nc3 Bg7 4. Nf3 O-O 5. Nd5 Nxd5 6. cxd5 d6 7. a3 Nd7 8. Bb5
Nf6 9. Qb3 Bg4 10. Nd4 e5 0-1

[Event "AUTO-OPEN-560"]
[Site "http://www.queenalice.com/game.php?id=226127"]
[Date "2007.6.16"]
[Round "2"]
[White "databass"]
[Black "Lundos"]
[Result "1-0"]
[WhiteElo "1761"]
[BlackElo "1787"]

1. e4 e6 2. Nf3 d5 3. Nc3 c6 4. d4 c5 5. e5 Nc6 6. Be3 Qb6 7. Bb5 Bd7 8. O-O a6
9. Bxc6 Bxc6 10. b3 cxd4 11. Nxd4 Bc5 12. Re1 Rc8 13. Nxc6 Qxc6 14. Na4 Bxe3 15.
Rxe3 Qxc2 16. Qxc2 Rxc2 17. Rc3 Rxc3 18. Nxc3 Ne7 19. Rd1 Ng6 20. Nxd5 exd5 21.
Rxd5 O-O 22. Rd7 Rb8 23. Rd5 Kf8 24. g3 Ke7 25. f4 Rd8 26. Rxd8 Kxd8 27. Kf2 Kd7
28. Ke3 Nf8 29. Kd3 Kc6 30. Kc4 1-0

[Event "AUTO-OPEN-560"]
[Site "http://www.queenalice.com/game.php?id=226128"]
[Date "2007.6.16"]
[Round "2"]
[White "Lundos"]
[Black "databass"]
[Result "0-1"]
[WhiteElo "1770"]
[BlackElo "1778"]

1. e4 e5 2. Nf3 Nc6 3. Bc4 Be7 4. d3 Nf6 5. Ng5 O-O 6. O-O d5 7. exd5 Nxd5 8.
Qh5 h6 9. Ne4 Be6 10. c3 Nf4 11. Bxf4 exf4 12. Bxe6 fxe6 13. Qb5 Rb8 14. d4 a6
15. Qc4 Qd7 16. Nbd2 b5 17. Nc5 Bxc5 18. Qxc5 Rbe8 19. Rfe1 e5 20. dxe5 Nxe5 21.
Rad1 Nd3 0-1

[Event "AUTO-OPEN-661"]
[Site "http://www.queenalice.com/game.php?id=259892"]
[Date "2007.8.23"]
[Round "2"]
[White "Lundos"]
[Black "bmax1968"]
[Result "0-1"]
[WhiteElo "1793"]
[BlackElo "2049"]

1. b4 d6 2. b5 Nf6 3. Bb2 g6 4. a4 Bg7 5. e3 O-O 6. f4 Nbd7 7. g4 e5 8. Qf3 Nc5
9. f5 h5 10. gxh5 Nxh5 11. fxg6 fxg6 12. Qg2 Qh4+ 13. Kd1 Nxa4 14. Ba3 e4 0-1

[Event "AUTO-OPEN-661"]
[Site "http://www.queenalice.com/game.php?id=259893"]
[Date "2007.8.23"]
[Round "2"]
[White "bmax1968"]
[Black "Lundos"]
[Result "1-0"]
[WhiteElo "2040"]
[BlackElo "1867"]

1. c4 Nf6 2. Nc3 g6 3. g3 c5 4. Bg2 Nc6 5. Nf3 Bg7 6. O-O O-O 7. d4 cxd4 8. Nxd4
Qb6 9. Nb3 d6 10. Bg5 Be6 11. Nd5 Bxd5 12. cxd5 Ne5 13. e4 Neg4 14. Bh3 1-0